Obchodné právo odborný časopis pre podnikateľov, právnikov a špecialistov

Enregistré dans:
Détails bibliographiques
Format: Publication en série
Langue:slovaque
Publié: Bratislava Ing. Miroslav Mračko, EPOS 2006
Sujets:
Tags: Ajouter un tag
Pas de tags, Soyez le premier à ajouter un tag!

MARC

LEADER 00000nas2a2200000 4500
001 0109623
005 20210908112751.9
022 |a 1335-6674 
041 0 |a slo 
044 |a SK 
245 1 0 |a Obchodné právo  |b odborný časopis pre podnikateľov, právnikov a špecialistov 
264 1 |a Bratislava  |b Ing. Miroslav Mračko, EPOS  |c 2006 
500 |a chýba č. 3 
773 0 |w eu_un_cat*s122065 
610 2 0 |a právo obchodné 
610 2 0 |a živnosti 
610 2 0 |a spoločnosti obchodné 
610 2 0 |a predpisy právne